Finance for Small and Entrepreneurial Businesses (Record no. 33718)

MARC details
000 -LEADER
fixed length control field 00472nam a22001817a 4500
005 - DATE AND TIME OF LATEST TRANSACTION
control field 20231002113610.0
008 - FIXED-LENGTH DATA ELEMENTS--GENERAL INFORMATION
fixed length control field 230926b |||||||| |||| 00| 0 eng d
020 ## - INTERNATIONAL STANDARD BOOK NUMBER
ISBN 9780415721004
082 ## - DEWEY DECIMAL CLASSIFICATION NUMBER
Classification number 658.15
Item number ROB-F
100 ## - MAIN ENTRY--AUTHOR
Author Name Roberts,Richard
245 ## - TITLE STATEMENT
Title Finance for Small and Entrepreneurial Businesses
260 ## - PUBLICATION, DISTRIBUTION, ETC.
Place of Publication USA
Name of publisher, distributor, etc. Taylor & Francis Group
Date of publication, distribution, etc. 2015
300 ## - PHYSICAL DESCRIPTION
Pages 132
500 ## - GENERAL NOTE
General note Include Index
650 ## - SUBJECT ADDED ENTRY--TOPICAL TERM
Subject / Department Management
700 ## - ADDED ENTRY--PERSONAL NAME
Personal name Richard Roberts
952 ## - LOCATION AND ITEM INFORMATION (KOHA)
-- 0
-- 0
Holdings
Lost status Damaged status Collection code Permanent Location Current Location Shelving Location Date acquired Full Call Number Accession No./Barcode Date last seen item type
      Superior Information Resource Center (SIRC) Superior University- Main Campus Superior Information Resource Center (SIRC) Superior University- Main Campus Management 09/26/2023 658.15 ROB-F 2015 20604 09/26/2023 BOOK

Powered by Koha